Normal view MARC view
  • Di Napoli, Pablo Nahuel

Entry Nombre Personal

Number of records used in: 1

001 - NUMERO DE CONTROL

  • campo de control: 58701

003 - IDENTIFICADOR DE NUMERO DE CONTROL

  • campo de control: MX-MxUPN

005 - FECHA Y HORA DE LA ÜLTIMA TRANSACCIÓN

  • campo de control: 20260206103041.0

008 - DATOS DE LONGITUD FIJA

  • campo de control de longitud fija: 260206|| aca||aabn | aaa d

040 ## - FUENTE DE CATALOGACIÓN

  • Agencia original de catalogación: MX-MxUPN
  • Lenguaje de catalogación: spa
  • Agencia de transcripción: MX-MxUPN

100 1# - ENCABEZAMIENTO - NOMBRE PERSONAL

  • Nombre personal: Di Napoli, Pablo Nahuel

371 ## - DIRECCIÓN

  • Electronic mail address: pablo.dinapoli@uba.ar

373 ## - GRUPO ASOCIADO

  • Associated group: Universidad de Buenos Aires
  • Associated group: Universidad Nacional de Quilmes
  • Fuente del término: naf

377 ## - LENGUA ASOCIADA

  • Language code: spa

670 ## - FUENTE EN LA QUE SE LOCALIZARON DATOS

  • Cita de la fuente: Educación, lenguaje y sociedad, Vol. 25, Núm. 25 (2025):
  • Información localizada: (Pablo Nahuel Di Napoli; Universidad de Buenos Aires/Universidad Nacional de Quilmes/ Consejo Nacional de Investigaciones Científicas y Técnicas, Argentina; pablo.dinapoli@uba.ar)

902 ## - CATALOGADOR

  • Catalogador: Víctor Ruiz/060226